Alternatives to the High Cost of Litigation

Bibliographic Details
Main Author: Fernǹdez ℓlvarez, Antn̤ Lois
Other Authors: Hansen, Gilvan Luiz, Fernandes Monica, Eder, Sur̀ez Blz̀quez, Guillermo, Alvisi Neves, Edson
Format: eBook
Language:English
Published: Hoboken: Wiley, 1983 -
Subjects:
Online Access:Acceso restringido

MARC

LEADER 00000nam a22000007a 4500
005 2021031101471.0
007 cr|||| ||||
008 210311c19839999us n|w s|||| 0|||b1eng d
022 |a 1549-4373 
035 |a 32838 
040 |a vLex 
090 |c 11346  |d 11346 
100 1 |a Fernǹdez ℓlvarez, Antn̤ Lois 
245 1 0 |a Alternatives to the High Cost of Litigation  |h [Recurso electrn̤ico] /  |c Antn̤ Lois Fernǹdez ℓlvarez, Gilvan Luiz Hansen, Eder Fernandes Monica, Guillermo Sur̀ez Blz̀quez, Edson Alvisi Neves 
256 |a Servicio en ln̕ea 
260 |a Hoboken:  |b Wiley,  |c 1983 - 
300 |a 1 recurso electrn̤ico 
310 |a Irregular 
362 |a Nð 1-1 (Ene. 1983) - 
506 1 |a Disponible solo en los productos indicados  |d vLex Global  |d vLex Global (Academic Edition, excluding Law Schools)  |d vLex Global (Academic Edition, Law Schools) 
650 0 4 |a Derecho Constitucional  |z Estados Unidos 
700 1 |a Hansen, Gilvan Luiz 
700 1 |a Fernandes Monica, Eder 
700 1 |a Sur̀ez Blz̀quez, Guillermo 
700 1 |a Alvisi Neves, Edson 
740 0 |a vLex Revistas (Servicio en ln̕ea) 
856 4 0 |u http://vlex.com/source/32838  |z Acceso restringido 
942 |c REV 
999 0 |a Constitutional right